000 00334nam a2200157Ia 4500
100 _aD.E. Knuth
250 _a3
490 _v2
942 _cBK
654 _aC
245 _aArt of Computer programming : Seminumerical algorithms
260 _bAddison Wesly
_c1998
082 _a5.1
_bKNU
300 _a761
546 _aENGLISH
999 _c30236
_d30236